000 00432nam a2200133Ia 4500
999 _c4750
_d4750
008 200103s 1992 ||||xx |||||||||||||| ||und||
020 _a0113405847
082 _a363.37092
_bHMS
100 _aHMSO
245 0 _aManual of firemanship : a survey of the science of fire fighting : Book 4,. Incidents involving aircraft, shipping and railways
260 _bHMSO, London
_c1992
_a London
300 _axxvii, 266p.
942 _cBK